000 00731nam a22002177a 4500
003 OSt
005 20260127070625.0
008 260127b |||||||| |||| 00| 0 eng d
020 _a 978-621-406-133-4
040 _aDWC-Main lib
_cOC
082 _2Revised edition
_aFil. 338.4 L732u 2017
100 _aLim, Romeo D.
245 _aUnderstanding travels & tours :
_bEssentials/
_cRomeo D. Lim
250 _aRevised edition
260 _aManila, Philippines :
_bMindshapers Co. Inc.,
_c c2017.
300 _axiv,312 pages :
_b illustrations ;
_c 26cm.
504 _aIncludes Bibliographical references, index and glossary
650 _a1. Tourism
650 _a2. Travel
942 _2ddc
_cBK - FIL
_e Revised edition
_kFil.
_n0
999 _c7876
_d7876